Welcome to CU Library Online Public Access Catalogue (OPAC)

Overview of the marketsc (Record no. 3494)

MARC details
000 -LEADER
fixed length control field 00415nam a22001577a 4500
005 - DATE AND TIME OF LATEST TRANSACTION
control field 20250206161601.0
008 - FIXED-LENGTH DATA ELEMENTS--GENERAL INFORMATION
fixed length control field 250206b |||||||| |||| 00| 0 eng d
020 ## - INTERNATIONAL STANDARD BOOK NUMBER
International Standard Book Number 9780852974520
050 ## - LIBRARY OF CONGRESS CALL NUMBER
Classification number HG4538
Item number .5 COY
100 ## - MAIN ENTRY--PERSONAL NAME
Personal name Coyle, Brian
245 ## - TITLE STATEMENT
Title Overview of the marketsc
260 ## - PUBLICATION, DISTRIBUTION, ETC.
Place of publication, distribution, etc. Canterbury
Name of publisher, distributor, etc. The Chartered Institute of Bankers
Date of publication, distribution, etc. c2002
300 ## - PHYSICAL DESCRIPTION
Extent 166p
500 ## - GENERAL NOTE
General note includes index
942 ## - ADDED ENTRY ELEMENTS (KOHA)
Source of classification or shelving scheme Library of Congress Classification
Koha item type Books
Suppress in OPAC No
999 ## -
-- 3494
-- 3494
Holdings
Withdrawn status Lost status Source of classification or shelving scheme Damaged status Not for loan Collection Home library Current library Shelving location Date acquired Total checkouts Full call number Barcode Date last seen Copy number Price effective from Koha item type
    Library of Congress Classification     Non-fiction Undergraduate Library (Christ Temple) Undergraduate Library (Christ Temple) General stacks 02/06/2025   HG4538.5 COY ulct00001082 02/06/2025 1 02/06/2025 Books
© 2023-2024 Copyright: Central University Libraries. All Rights Reserved | Created by: Mahone Tech Office